[Event "DEM U12w 2023"]
[Site "Willingen GER"]
[Date "2023.05.31"]
[Round "6"]
[White "Färber, Anna"]
[Black "Rafikova, Ailin"]
[Result "1/2-1/2"]
[Termination "normal"]
[Board "6"]
[WhiteElo "1252"]
[BlackElo "1238"]
[WhiteClock "00:22:19"]
[BlackClock "00:09:00"]
[PlyCount "89"]
[WhiteFideId "34633480"]
[BlackFideId "34612173"]
[EventCountry "GER"]
[EventRounds "9"]
[EventType "swiss"]
[EventDate "2023.05.27"]

1. e4 {[%clk 01:30:52]} {[%emt 00:00:07]} c6 {[%clk 01:30:35]} {[%emt
00:00:26]} 2. d4 {[%clk 01:31:09]} {[%emt 00:00:12]} d5 {[%clk 01:30:45]}
{[%emt 00:00:21]} 3. e5 {[%clk 01:31:25]} {[%emt 00:00:15]} Bf5 {[%clk
01:30:13]} {[%emt 00:01:01]} 4. h4 {[%clk 01:31:43]} {[%emt 00:00:12]} h5
{[%clk 01:29:23]} {[%emt 00:01:20]} 5. Bd3 {[%clk 01:32:01]} {[%emt 00:00:13]}
Bxd3 {[%clk 01:29:16]} {[%emt 00:00:36]} 6. Qxd3 {[%clk 01:32:24]} {[%emt
00:00:08]} e6 {[%clk 01:28:15]} {[%emt 00:01:31]} 7. Nf3 {[%clk 01:32:40]}
{[%emt 00:00:13]} c5 {[%clk 01:24:48]} {[%emt 00:03:57]} 8. c4 {[%clk
01:20:56]} {[%emt 00:12:15]} dxc4 {[%clk 01:12:14]} {[%emt 00:13:03]} 9. Qxc4
{[%clk 01:20:09]} {[%emt 00:01:17]} cxd4 {[%clk 01:04:29]} {[%emt 00:08:15]}
10. Qxd4 {[%clk 01:11:52]} {[%emt 00:08:48]} Qc7 {[%clk 01:01:19]} {[%emt
00:03:39]} 11. Nc3 {[%clk 01:07:40]} {[%emt 00:04:42]} Nc6 {[%clk 00:56:51]}
{[%emt 00:04:58]} 12. Qe4 {[%clk 01:04:56]} {[%emt 00:03:14]} a6 {[%clk
00:53:38]} {[%emt 00:03:43]} 13. Bf4 {[%clk 01:00:25]} {[%emt 00:05:00]} Bb4
{[%clk 00:50:00]} {[%emt 00:04:08]} 14. Rc1 {[%clk 00:59:06]} {[%emt 00:01:50]}
Nge7 {[%clk 00:46:03]} {[%emt 00:04:27]} 15. O-O {[%clk 00:57:17]} {[%emt
00:02:19]} Nf5 {[%clk 00:40:31]} {[%emt 00:06:02]} 16. a3 {[%clk 00:53:39]}
{[%emt 00:04:08]} Bxc3 {[%clk 00:34:36]} {[%emt 00:06:26]} 17. Rxc3 {[%clk
00:52:50]} {[%emt 00:01:19]} O-O {[%clk 00:32:27]} {[%emt 00:02:37]} 18. Rd1
{[%clk 00:50:38]} {[%emt 00:02:42]} Rfd8 {[%clk 00:30:42]} {[%emt 00:02:16]}
19. Rcd3 {[%clk 00:48:05]} {[%emt 00:03:03]} Qb6 {[%clk 00:27:18]} {[%emt
00:03:54]} 20. Qe2 {[%clk 00:40:19]} {[%emt 00:08:16]} Rxd3 {[%clk 00:23:57]}
{[%emt 00:03:52]} 21. Rxd3 {[%clk 00:39:24]} {[%emt 00:01:24]} Rd8 {[%clk
00:19:06]} {[%emt 00:05:21]} 22. Rxd8+ {[%clk 00:37:37]} {[%emt 00:02:17]} Qxd8
{[%clk 00:17:37]} {[%emt 00:01:59]} 23. Qd2 {[%clk 00:36:22]} {[%emt 00:01:45]}
Qxd2 {[%clk 00:13:55]} {[%emt 00:04:12]} 24. Bxd2 {[%clk 00:32:03]} {[%emt
00:04:49]} Nfe7 {[%clk 00:10:46]} {[%emt 00:03:40]} 25. Kf1 {[%clk 00:31:35]}
{[%emt 00:00:56]} Ng6 {[%clk 00:07:15]} {[%emt 00:04:01]} 26. Bc3 {[%clk
00:31:38]} {[%emt 00:00:28]} Kf8 {[%clk 00:05:52]} {[%emt 00:01:52]} 27. Ke2
{[%clk 00:31:30]} {[%emt 00:00:39]} Nf4+ {[%clk 00:04:28]} {[%emt 00:01:53]}
28. Kf1 {[%clk 00:31:08]} {[%emt 00:00:53]} Ke7 {[%clk 00:03:33]} {[%emt
00:01:25]} 29. g3 {[%clk 00:30:26]} {[%emt 00:01:12]} Ng6 {[%clk 00:03:21]}
{[%emt 00:00:42]} 30. Ke2 {[%clk 00:30:07]} {[%emt 00:00:49]} Kd7 {[%clk
00:02:30]} {[%emt 00:01:21]} 31. Kd3 {[%clk 00:29:43]} {[%emt 00:00:54]} Kc7
{[%clk 00:01:58]} {[%emt 00:01:02]} 32. Kc4 {[%clk 00:26:30]} {[%emt 00:03:43]}
Kb6 {[%clk 00:01:31]} {[%emt 00:00:57]} 33. b4 {[%clk 00:24:58]} {[%emt
00:02:02]} a5 {[%clk 00:01:04]} {[%emt 00:00:57]} 34. b5 {[%clk 00:24:32]}
{[%emt 00:00:56]} Nce7 {[%clk 00:00:54]} {[%emt 00:00:41]} 35. a4 {[%clk
00:23:06]} {[%emt 00:01:56]} Nd5 {[%clk 00:00:53]} {[%emt 00:00:30]} 36. Bd4+
{[%clk 00:20:22]} {[%emt 00:03:14]} Kc7 {[%clk 00:01:10]} {[%emt 00:00:13]} 37.
Bc3 {[%clk 00:17:05]} {[%emt 00:03:47]} Nxc3 {[%clk 00:00:52]} {[%emt
00:00:48]} 38. Kxc3 {[%clk 00:17:30]} {[%emt 00:00:06]} Kb6 {[%clk 00:01:03]}
{[%emt 00:00:19]} 39. Kd4 {[%clk 00:16:37]} {[%emt 00:01:22]} Kc7 {[%clk
00:00:51]} {[%emt 00:00:41]} 40. Ng5 {[%clk 00:14:21]} {[%emt 00:02:47]} Nh8
{[%clk 00:00:58]} {[%emt 00:00:23]} 41. Kc5 {[%clk 00:11:17]} {[%emt 00:03:35]}
b6+ {[%clk 00:26:35]} {[%emt 00:04:52]} 42. Kd4 {[%clk 00:40:56]} {[%emt
00:00:49]} Kd7 {[%clk 00:23:34]} {[%emt 00:03:31]} 43. Ne4 {[%clk 00:34:02]}
{[%emt 00:07:26]} Ng6 {[%clk 00:19:14]} {[%emt 00:04:50]} 44. f4 {[%clk
00:30:59]} {[%emt 00:03:32]} Ne7 {[%clk 00:09:00]} {[%emt 00:10:44]} 45. Nd6
{[%clk 00:22:19]} {[%emt 00:09:09]} *

[Event "DEM U12w 2023"]
[Site "Willingen GER"]
[Date "2023.05.31"]
[Round "6"]
[White "Xiao, Yiyi"]
[Black "Averkova, Mariia"]
[Result "1-0"]
[Termination "normal"]
[Board "7"]
[WhiteElo "1267"]
[BlackElo "1367"]
[WhiteClock "00:50:59"]
[BlackClock "00:30:07"]
[PlyCount "109"]
[WhiteFideId "34605665"]
[BlackFideId "34651470"]
[EventCountry "GER"]
[EventRounds "9"]
[EventType "swiss"]
[EventDate "2023.05.27"]

1. e4 {[%clk 01:30:55]} {[%emt 00:00:04]} c6 {[%clk 01:30:52]} {[%emt
00:00:08]} 2. d4 {[%clk 01:31:12]} {[%emt 00:00:13]} d5 {[%clk 01:31:15]}
{[%emt 00:00:07]} 3. exd5 {[%clk 01:31:32]} {[%emt 00:00:11]} cxd5 {[%clk
01:31:35]} {[%emt 00:00:09]} 4. Bd3 {[%clk 01:31:41]} {[%emt 00:00:21]} Nc6
{[%clk 01:31:43]} {[%emt 00:00:22]} 5. c3 {[%clk 01:31:56]} {[%emt 00:00:15]}
g6 {[%clk 01:31:13]} {[%emt 00:01:00]} 6. Qc2 {[%clk 01:30:58]} {[%emt
00:01:29]} Bg7 {[%clk 01:30:29]} {[%emt 00:01:13]} 7. Bf4 {[%clk 01:30:52]}
{[%emt 00:00:36]} Nf6 {[%clk 01:29:36]} {[%emt 00:01:22]} 8. Nf3 {[%clk
01:30:34]} {[%emt 00:00:48]} O-O {[%clk 01:29:13]} {[%emt 00:00:53]} 9. O-O
{[%clk 01:27:42]} {[%emt 00:03:22]} Bd7 {[%clk 01:26:30]} {[%emt 00:03:13]} 10.
Nbd2 {[%clk 01:27:06]} {[%emt 00:01:07]} Qc8 {[%clk 01:24:54]} {[%emt
00:02:06]} 11. Rfe1 {[%clk 01:25:14]} {[%emt 00:02:21]} Bf5 {[%clk 01:23:26]}
{[%emt 00:01:58]} 12. Bxf5 {[%clk 01:22:39]} {[%emt 00:03:05]} gxf5 {[%clk
01:23:06]} {[%emt 00:00:51]} 13. Rac1 {[%clk 01:22:34]} {[%emt 00:00:36]} Ne4
{[%clk 01:19:39]} {[%emt 00:03:56]} 14. Nxe4 {[%clk 01:22:22]} {[%emt
00:00:42]} fxe4 {[%clk 01:19:46]} {[%emt 00:00:22]} 15. Ne5 {[%clk 01:22:06]}
{[%emt 00:00:47]} Nxe5 {[%clk 01:17:48]} {[%emt 00:02:28]} 16. dxe5 {[%clk
01:21:42]} {[%emt 00:00:54]} Qf5 {[%clk 01:16:40]} {[%emt 00:01:38]} 17. Qd2
{[%clk 01:20:05]} {[%emt 00:02:06]} Bxe5 {[%clk 01:15:01]} {[%emt 00:02:09]}
18. Bh6 {[%clk 01:18:02]} {[%emt 00:02:33]} Rfd8 {[%clk 01:12:02]} {[%emt
00:03:29]} 19. Re3 {[%clk 01:17:31]} {[%emt 00:01:01]} Kh8 {[%clk 01:07:22]}
{[%emt 00:05:10]} 20. Rh3 {[%clk 01:14:33]} {[%emt 00:03:27]} e6 {[%clk
01:03:11]} {[%emt 00:04:42]} 21. f4 {[%clk 01:11:38]} {[%emt 00:03:26]} Bf6
{[%clk 01:01:40]} {[%emt 00:01:59]} 22. Bg5 {[%clk 01:07:12]} {[%emt 00:04:58]}
Rg8 {[%clk 00:58:44]} {[%emt 00:03:24]} 23. Rf1 {[%clk 01:05:01]} {[%emt
00:02:42]} Raf8 {[%clk 00:48:45]} {[%emt 00:10:28]} 24. Bxf6+ {[%clk 01:04:56]}
{[%emt 00:00:37]} Qxf6 {[%clk 00:48:43]} {[%emt 00:00:32]} 25. f5 {[%clk
01:03:14]} {[%emt 00:02:11]} Rd8 {[%clk 00:42:06]} {[%emt 00:07:07]} 26. fxe6
{[%clk 01:01:57]} {[%emt 00:01:48]} Qxe6 {[%clk 00:42:24]} {[%emt 00:00:11]}
27. Qf4 {[%clk 00:40:25]} {[%emt 00:22:02]} Rg7 {[%clk 00:34:50]} {[%emt
00:08:04]} 28. Rh6 {[%clk 00:34:35]} {[%emt 00:06:21]} Qe7 {[%clk 00:31:35]}
{[%emt 00:03:43]} 29. Rf6 {[%clk 00:31:59]} {[%emt 00:03:06]} Kg8 {[%clk
00:27:16]} {[%emt 00:04:50]} 30. g3 {[%clk 00:27:58]} {[%emt 00:04:32]} Re8
{[%clk 00:23:50]} {[%emt 00:03:54]} 31. Rf5 {[%clk 00:21:50]} {[%emt 00:06:39]}
Qd7 {[%clk 00:19:35]} {[%emt 00:04:45]} 32. Rg5 {[%clk 00:19:01]} {[%emt
00:03:18]} Rxg5 {[%clk 00:12:53]} {[%emt 00:07:13]} 33. Qxg5+ {[%clk 00:19:23]}
{[%emt 00:00:09]} Kf8 {[%clk 00:12:01]} {[%emt 00:01:22]} 34. Rf5 {[%clk
00:19:13]} {[%emt 00:00:40]} Qe6 {[%clk 00:06:06]} {[%emt 00:06:23]} 35. Rxd5
{[%clk 00:18:07]} {[%emt 00:01:37]} Qg6 {[%clk 00:04:56]} {[%emt 00:01:40]} 36.
Qxg6 {[%clk 00:17:25]} {[%emt 00:01:12]} hxg6 {[%clk 00:05:01]} {[%emt
00:00:26]} 37. g4 {[%clk 00:17:48]} {[%emt 00:00:07]} Ke7 {[%clk 00:03:17]}
{[%emt 00:02:13]} 38. Kf2 {[%clk 00:17:45]} {[%emt 00:00:33]} Ke6 {[%clk
00:02:55]} {[%emt 00:00:52]} 39. Rb5 {[%clk 00:17:48]} {[%emt 00:00:27]} b6
{[%clk 00:02:14]} {[%emt 00:01:10]} 40. Ke3 {[%clk 00:17:33]} {[%emt 00:00:46]}
Kd6 {[%clk 00:01:31]} {[%emt 00:01:12]} 41. h4 {[%clk 00:17:30]} {[%emt
00:00:34]} Re5 {[%clk 00:30:20]} {[%emt 00:01:41]} 42. Rb4 {[%clk 00:47:14]}
{[%emt 00:00:46]} Ke6 {[%clk 00:30:04]} {[%emt 00:00:46]} 43. Rxe4 {[%clk
00:47:23]} {[%emt 00:00:21]} f6 {[%clk 00:29:32]} {[%emt 00:01:02]} 44. Rxe5+
{[%clk 00:47:07]} {[%emt 00:00:46]} Kxe5 {[%clk 00:29:50]} {[%emt 00:00:12]}
45. a4 {[%clk 00:47:23]} {[%emt 00:00:15]} f5 {[%clk 00:29:16]} {[%emt
00:01:03]} 46. gxf5 {[%clk 00:47:32]} {[%emt 00:00:22]} Kxf5 {[%clk 00:29:14]}
{[%emt 00:00:32]} 47. Kf3 {[%clk 00:47:54]} {[%emt 00:00:07]} g5 {[%clk
00:28:16]} {[%emt 00:01:28]} 48. hxg5 {[%clk 00:48:20]} {[%emt 00:00:06]} Kxg5
{[%clk 00:28:39]} {[%emt 00:00:06]} 49. Ke4 {[%clk 00:48:43]} {[%emt 00:00:06]}
Kf6 {[%clk 00:29:01]} {[%emt 00:00:08]} 50. Kd5 {[%clk 00:49:08]} {[%emt
00:00:06]} Kf5 {[%clk 00:29:13]} {[%emt 00:00:18]} 51. b4 {[%clk 00:49:31]}
{[%emt 00:00:06]} Kf4 {[%clk 00:29:19]} {[%emt 00:00:24]} 52. c4 {[%clk
00:49:53]} {[%emt 00:00:09]} Kf5 {[%clk 00:29:22]} {[%emt 00:00:26]} 53. Kc6
{[%clk 00:50:17]} {[%emt 00:00:06]} Ke6 {[%clk 00:29:43]} {[%emt 00:00:09]} 54.
Kc7 {[%clk 00:50:37]} {[%emt 00:00:10]} Ke7 {[%clk 00:30:07]} {[%emt 00:00:06]}
55. c5 {[%clk 00:50:59]} {[%emt 00:00:08]} 1-0

[Event "DEM U12w 2023"]
[Site "Willingen GER"]
[Date "2023.05.31"]
[Round "6"]
[White "Glotz, Katharina"]
[Black "Komar, Valerie"]
[Result "1-0"]
[Termination "normal"]
[Board "8"]
[WhiteElo "1411"]
[BlackElo "1379"]
[WhiteClock "00:43:36"]
[BlackClock "00:17:10"]
[PlyCount "79"]
[WhiteFideId "34631011"]
[BlackFideId "34139664"]
[EventCountry "GER"]
[EventRounds "9"]
[EventType "swiss"]
[EventDate "2023.05.27"]

1. e4 {[%clk 01:30:56]} {[%emt 00:00:03]} e5 {[%clk 01:30:57]} {[%emt
00:00:03]} 2. Nf3 {[%clk 01:31:14]} {[%emt 00:00:12]} Nf6 {[%clk 01:31:23]}
{[%emt 00:00:04]} 3. Nxe5 {[%clk 01:31:22]} {[%emt 00:00:23]} d6 {[%clk
01:31:48]} {[%emt 00:00:04]} 4. Nf3 {[%clk 01:31:26]} {[%emt 00:00:26]} Nxe4
{[%clk 01:32:14]} {[%emt 00:00:05]} 5. c4 {[%clk 01:31:09]} {[%emt 00:00:47]}
Be7 {[%clk 01:31:17]} {[%emt 00:01:25]} 6. d4 {[%clk 01:26:13]} {[%emt
00:05:27]} O-O {[%clk 01:26:17]} {[%emt 00:05:30]} 7. Bd3 {[%clk 01:22:53]}
{[%emt 00:03:50]} Bf5 {[%clk 01:21:51]} {[%emt 00:04:56]} 8. O-O {[%clk
01:21:16]} {[%emt 00:02:06]} Bf6 {[%clk 01:15:18]} {[%emt 00:07:04]} 9. Re1
{[%clk 01:16:57]} {[%emt 00:04:49]} Re8 {[%clk 01:14:24]} {[%emt 00:01:24]} 10.
Qc2 {[%clk 01:16:03]} {[%emt 00:01:23]} Qe7 {[%clk 00:28:42]} {[%emt 00:46:11]}
11. Nc3 {[%clk 01:07:27]} {[%emt 00:09:08]} Nc6 {[%clk 00:27:07]} {[%emt
00:02:05]} 12. Nxe4 {[%clk 01:02:47]} {[%emt 00:05:10]} Nb4 {[%clk 00:26:43]}
{[%emt 00:00:52]} 13. Qe2 {[%clk 00:58:15]} {[%emt 00:05:03]} Bxe4 {[%clk
00:17:29]} {[%emt 00:09:45]} 14. Bxe4 {[%clk 00:57:49]} {[%emt 00:00:55]} Kf8
{[%clk 00:14:49]} {[%emt 00:03:10]} 15. Kf1 {[%clk 00:56:32]} {[%emt 00:01:46]}
Rab8 {[%clk 00:14:49]} {[%emt 00:00:32]} 16. Bd2 {[%clk 00:53:55]} {[%emt
00:03:06]} Nc6 {[%clk 00:13:56]} {[%emt 00:01:24]} 17. Bc3 {[%clk 00:53:02]}
{[%emt 00:01:22]} h6 {[%clk 00:13:37]} {[%emt 00:00:48]} 18. Bxc6 {[%clk
00:51:38]} {[%emt 00:01:55]} Qxe2+ {[%clk 00:13:58]} {[%emt 00:00:09]} 19. Rxe2
{[%clk 00:51:56]} {[%emt 00:00:12]} Rxe2 {[%clk 00:14:25]} {[%emt 00:00:04]}
20. Kxe2 {[%clk 00:52:16]} {[%emt 00:00:10]} bxc6 {[%clk 00:14:52]} {[%emt
00:00:02]} 21. Kd3 {[%clk 00:50:22]} {[%emt 00:02:23]} d5 {[%clk 00:14:39]}
{[%emt 00:00:45]} 22. Ne5 {[%clk 00:48:28]} {[%emt 00:02:22]} Bxe5 {[%clk
00:13:53]} {[%emt 00:01:17]} 23. dxe5 {[%clk 00:48:30]} {[%emt 00:00:28]} Rd8
{[%clk 00:13:40]} {[%emt 00:00:42]} 24. Bd4 {[%clk 00:48:10]} {[%emt 00:00:49]}
a6 {[%clk 00:14:02]} {[%emt 00:00:11]} 25. f4 {[%clk 00:48:04]} {[%emt
00:00:35]} Ke7 {[%clk 00:14:09]} {[%emt 00:00:23]} 26. g4 {[%clk 00:47:25]}
{[%emt 00:01:09]} g5 {[%clk 00:14:09]} {[%emt 00:00:30]} 27. f5 {[%clk
00:46:55]} {[%emt 00:01:00]} dxc4+ {[%clk 00:14:17]} {[%emt 00:00:23]} 28. Kxc4
{[%clk 00:47:09]} {[%emt 00:00:15]} Rd5 {[%clk 00:14:36]} {[%emt 00:00:11]} 29.
Rd1 {[%clk 00:46:28]} {[%emt 00:01:09]} Kd7 {[%clk 00:14:49]} {[%emt 00:00:18]}
30. Re1 {[%clk 00:45:43]} {[%emt 00:01:14]} Ke7 {[%clk 00:15:02]} {[%emt
00:00:18]} 31. e6 {[%clk 00:44:27]} {[%emt 00:01:46]} f6 {[%clk 00:15:20]}
{[%emt 00:00:13]} 32. Rd1 {[%clk 00:42:55]} {[%emt 00:02:02]} Ke8 {[%clk
00:15:38]} {[%emt 00:00:12]} 33. Rd3 {[%clk 00:42:57]} {[%emt 00:00:27]} Kd8
{[%clk 00:15:06]} {[%emt 00:01:03]} 34. Bxf6+ {[%clk 00:43:18]} {[%emt
00:00:10]} Ke8 {[%clk 00:15:10]} {[%emt 00:00:26]} 35. Rxd5 {[%clk 00:43:42]}
{[%emt 00:00:06]} cxd5+ {[%clk 00:15:36]} {[%emt 00:00:04]} 36. Kxd5 {[%clk
00:43:41]} {[%emt 00:00:30]} a5 {[%clk 00:15:57]} {[%emt 00:00:10]} 37. Kc6
{[%clk 00:43:15]} {[%emt 00:00:56]} a4 {[%clk 00:16:18]} {[%emt 00:00:09]} 38.
Kxc7 {[%clk 00:43:12]} {[%emt 00:00:32]} a3 {[%clk 00:16:44]} {[%emt 00:00:04]}
39. b3 {[%clk 00:43:31]} {[%emt 00:00:11]} h5 {[%clk 00:17:10]} {[%emt
00:00:04]} 40. h3 {[%clk 00:43:36]} {[%emt 00:00:25]} 1-0

[Event "DEM U12w 2023"]
[Site "Willingen GER"]
[Date "2023.05.31"]
[Round "6"]
[White "Mader, Theresa"]
[Black "Will, Elina"]
[Result "0-1"]
[Termination "normal"]
[Board "9"]
[WhiteElo "1229"]
[BlackElo "1431"]
[WhiteClock "00:22:19"]
[BlackClock "01:01:40"]
[PlyCount "70"]
[WhiteFideId "34605657"]
[BlackFideId "34623434"]
[EventCountry "GER"]
[EventRounds "9"]
[EventType "swiss"]
[EventDate "2023.05.27"]

1. d4 {[%clk 01:30:58]} {[%emt 00:00:01]} Nf6 {[%clk 01:30:52]} {[%emt
00:00:08]} 2. c4 {[%clk 01:31:19]} {[%emt 00:00:09]} g6 {[%clk 01:31:18]}
{[%emt 00:00:04]} 3. Nf3 {[%clk 01:31:38]} {[%emt 00:00:11]} Bg7 {[%clk
01:31:38]} {[%emt 00:00:10]} 4. g3 {[%clk 01:31:45]} {[%emt 00:00:23]} c6
{[%clk 01:30:19]} {[%emt 00:01:49]} 5. Bg2 {[%clk 01:31:21]} {[%emt 00:00:55]}
d5 {[%clk 01:30:39]} {[%emt 00:00:09]} 6. cxd5 {[%clk 01:31:01]} {[%emt
00:00:50]} cxd5 {[%clk 01:31:03]} {[%emt 00:00:06]} 7. Nc3 {[%clk 01:30:31]}
{[%emt 00:01:00]} O-O {[%clk 01:29:38]} {[%emt 00:01:54]} 8. O-O {[%clk
01:30:36]} {[%emt 00:00:26]} Nc6 {[%clk 01:29:09]} {[%emt 00:00:59]} 9. e3
{[%clk 01:29:27]} {[%emt 00:01:39]} e6 {[%clk 01:26:11]} {[%emt 00:03:28]} 10.
Bd2 {[%clk 01:27:57]} {[%emt 00:02:00]} Ne4 {[%clk 01:22:11]} {[%emt 00:04:29]}
11. Rc1 {[%clk 01:26:05]} {[%emt 00:02:22]} Bd7 {[%clk 01:15:50]} {[%emt
00:06:52]} 12. a3 {[%clk 01:21:40]} {[%emt 00:04:55]} Nxd2 {[%clk 01:14:46]}
{[%emt 00:01:34]} 13. Qxd2 {[%clk 01:20:59]} {[%emt 00:01:10]} Na5 {[%clk
01:14:57]} {[%emt 00:00:20]} 14. Qc2 {[%clk 01:19:08]} {[%emt 00:02:20]} Rc8
{[%clk 01:12:51]} {[%emt 00:02:37]} 15. Nd2 {[%clk 01:17:22]} {[%emt 00:02:16]}
Qb6 {[%clk 01:11:54]} {[%emt 00:01:27]} 16. b4 {[%clk 01:13:23]} {[%emt
00:04:29]} Nc4 {[%clk 01:11:54]} {[%emt 00:00:29]} 17. Nxc4 {[%clk 01:12:52]}
{[%emt 00:01:01]} Rxc4 {[%clk 01:12:11]} {[%emt 00:00:14]} 18. Qb1 {[%clk
01:11:07]} {[%emt 00:02:15]} Rfc8 {[%clk 01:12:09]} {[%emt 00:00:32]} 19. Ne2
{[%clk 01:10:25]} {[%emt 00:01:11]} Qa6 {[%clk 01:10:45]} {[%emt 00:01:55]} 20.
Rxc4 {[%clk 01:08:41]} {[%emt 00:02:13]} Rxc4 {[%clk 01:10:51]} {[%emt
00:00:25]} 21. Qb2 {[%clk 01:07:18]} {[%emt 00:01:53]} Qc6 {[%clk 01:09:10]}
{[%emt 00:02:11]} 22. Nc1 {[%clk 01:05:04]} {[%emt 00:02:44]} Rc2 {[%clk
01:09:07]} {[%emt 00:00:33]} 23. Qb1 {[%clk 01:04:05]} {[%emt 00:01:28]} Qc3
{[%clk 01:08:11]} {[%emt 00:01:26]} 24. Bf3 {[%clk 00:58:18]} {[%emt 00:06:17]}
Ba4 {[%clk 01:05:54]} {[%emt 00:02:49]} 25. Ne2 {[%clk 00:47:16]} {[%emt
00:11:30]} Qxa3 {[%clk 01:06:06]} {[%emt 00:00:18]} 26. Rc1 {[%clk 00:42:14]}
{[%emt 00:05:32]} Rb2 {[%clk 01:05:08]} {[%emt 00:01:28]} 27. Qa1 {[%clk
00:41:53]} {[%emt 00:00:52]} Qxb4 {[%clk 01:04:51]} {[%emt 00:00:47]} 28. Nc3
{[%clk 00:38:58]} {[%emt 00:03:25]} b5 {[%clk 01:04:49]} {[%emt 00:00:33]} 29.
Nxa4 {[%clk 00:34:36]} {[%emt 00:04:52]} bxa4 {[%clk 01:05:14]} {[%emt
00:00:05]} 30. Kg2 {[%clk 00:33:23]} {[%emt 00:01:41]} Qd2 {[%clk 01:02:29]}
{[%emt 00:03:16]} 31. Rf1 {[%clk 00:32:09]} {[%emt 00:01:42]} Ra2 {[%clk
01:01:39]} {[%emt 00:01:21]} 32. Qb1 {[%clk 00:30:26]} {[%emt 00:02:14]} a5
{[%clk 01:01:40]} {[%emt 00:00:29]} 33. Kg1 {[%clk 00:25:28]} {[%emt 00:05:28]}
a3 {[%clk 01:01:46]} {[%emt 00:00:25]} 34. Bd1 {[%clk 00:23:38]} {[%emt
00:02:18]} Rb2 {[%clk 01:01:40]} {[%emt 00:00:36]} 35. Qa1 {[%clk 00:22:19]}
{[%emt 00:01:49]} a2 {[%emt 00:01:30]} 0-1